Statistics for Guess the Taylor Swift song with no hint 1

Click here to take the quiz!

General Stats

  • This quiz has been taken 2,241 times
  • The average score is 371 of 451

Answer Stats

Answer% Correct
I
100%
a
98%
You
98%
you
98%
the
97%
we
95%
We
95%
me
94%
Is
91%
your
91%
and
90%
it
90%
it?
90%
to
90%
in
89%
My
89%
my
89%
when
89%
do
88%
do?
88%
Do
88%
on
88%
so
88%
where
88%
like
85%
that
85%
that?
85%
This
85%
this
85%
you're
85%
all
84%
can
84%
for
84%
never
83%
of
83%
too
83%
But
82%
Are
81%
know
81%
at
80%
been
80%
it's
80%
Now
80%
can't
79%
said
79%
Cause
78%
Delicate
78%
(Delicate)
78%
delicate?
78%
delicate
78%
best
77%
make
77%
time
77%
look
76%
mine
76%
any
75%
back
75%
don't
75%
ever
75%
head?
75%
Isn't
75%
isn't
75%
must
75%
worse
75%
babe?
74%
isn't
74%
reputations
74%
reputation's
74%
want
74%
cool
73%
could
73%
drink
73%
promises
73%
with
73%
Side
72%
soon
72%
think
72%
damn
71%
eyes
71%
Oh
71%
thing
71%
East
70%
Just
70%
yet?
70%
ain't
69%
aint
69%
girls
69%
home
69%
up
69%
blue
68%
into
68%
meet
68%
touch
68%
night
67%
chiil
66%
hands
66%
pretend
66%
color
65%
here
65%
seen
65%
Sometimes
65%
dreaming
64%
sleep
64%
West
64%
chill
63%
fun
63%
hair
63%
bar
62%
view
62%
mansion
61%
share
61%
wonder
61%
Yeah
61%
Dive
60%
Dark
59%
Handsome
58%
honey
58%
Stay
58%
Come
57%
jeans
57%
Nikes
57%
stairs
56%
footsteps
55%
Long
53%
floor
52%
Echoes
51%
Phone
50%
Third
49%
black
48%
lights
48%
nightstand
45%

Score Distribution

Percentile by Number Answered

Percent of People with Each Score

Your Score History

You have not taken this quiz